The polysaccharides

Guardat en:
Dades bibliogràfiques
Autor principal: Aspinall, Gerald O (Autor)
Format: Llibre
Idioma:anglès
Publicat: Orlando Academic Press 1982
Col·lecció:Molecular Biology
Matèries:
Etiquetes: Afegir etiqueta
Sense etiquetes, Sigues el primer a etiquetar aquest registre!

MARC

LEADER 00000nam a2200000 a 4500
001 UCV6052
003 CL-VaPUC
008 900516e19820000US |||||||||||||||||eng|d
082 0 4 |a 547.782  |b ASP  |2 21 
100 0 |a Aspinall, Gerald O  |e author  |9 300285 
245 1 4 |a The polysaccharides 
300 |a 2 v 
942 |c BK 
945 |d 19900516 00:00:00 
260 |a Orlando  |b Academic Press  |c 1982 
650 0 |a Polisacáridos  |9 262996 
583 |a last modification  |c 19900516 00:00:00  |k Rodrigo Vera 
490 0 |a Molecular Biology 
999 |c 212306  |d 212304 
952 |0 0  |1 0  |4 0  |6 547_782000000000000_ASP_1982  |7 0  |8 A  |9 193052  |a BIBING  |b BIBING  |d 2019-11-14  |h v.2  |i 2607336  |o 547.782 ASP 1982  |p 2607336  |r 2025-01-20  |w 2019-11-14  |y BK  |k EIB